Beyond anova : basics of applied statistics

Αποθηκεύτηκε σε:
Λεπτομέρειες βιβλιογραφικής εγγραφής
Κύριος συγγραφέας: Miller, Rupert G.
Μορφή: Βιβλίο
Γλώσσα:English
Δημοσίευση: London ; : New York : Chapman & Hall, c1997
Σειρά:Texts in statistical science
Θέματα:
Ετικέτες: Προσθήκη ετικέτας
Δεν υπάρχουν, Καταχωρήστε ετικέτα πρώτοι!

MARC

LEADER 00000nam a2200000 i 4500
001 1/105755
008 000328s1997 eng d
020 |a 0412070111 
035 |l 10059372 
040 |a GR-MY-UA  |b gre  |e aacr 
041 0 |a eng 
082 0 |a 519.5 
100 1 |a Miller, Rupert G. 
245 1 0 |a Beyond anova :  |b basics of applied statistics /  |c Robert G. Miller 
260 |a London ; :   |a New York :   |b Chapman & Hall,   |c c1997 
300 |a xviii, 317 p.;  |b ill.;  |c 24 cm. 
490 1 |a Chapman & Hall texts in statistical science series 
504 |a Includes bibliographical references and indexes 
650 0 0 |a Mathematical statistics. 
830 0 |a Texts in statistical science 
852 |a INST  |b SAMOS  |e 20000328  |h 519.5 MIL  |p 005300017830  |q 005300017830  |t BK  |y 0 
901 |a BIBL3-2000-1 
909 |a Σ  |b 076880 
922 |a 3ΕΛΗ  |b 200003  |c ΤΜΗΜΑ ΜΑΘΗΜΑΤΙΚΩΝ  |d ΠΑΠΑΣΩΤΗΡΙΟΥ 
950 |a 116-2000-01-19 
970 |a ΚΟΣΙΕΡΗΣ  |b ΧΡΗΣΤΟΣ  |z 2000/03/29